The fraternal society / (Record no. 33059)
[ view plain ]
| 000 -LEADER | |
|---|---|
| fixed length control field | 00607nam a2200217 a 4500 |
| 001 - CONTROL NUMBER | |
| control field | 33059 |
| 003 - CONTROL NUMBER IDENTIFIER | |
| rucl marc code | BD-RjUL |
| 005 - DATE AND TIME OF LATEST TRANSACTION | |
| control field | 20211209051935.0 |
| 008 - FIXED-LENGTH DATA ELEMENTS--GENERAL INFORMATION | |
| fixed length control field | 010816s1962 enk 000 0 eng d |
| 035 ## - SYSTEM CONTROL NUMBER | |
| System control number | (BD-RjUL)33150 |
| 040 ## - CATALOGING SOURCE | |
| Original cataloging agency | MNG |
| Transcribing agency | MNG |
| Modifying agency | OCL |
| -- | BD-RjUL |
| Language of cataloging | eng |
| 041 ## - LANGUAGE CODE | |
| Language code of text/sound track or separate title | eng |
| 082 ## - DEWEY DECIMAL CLASSIFICATION NUMBER | |
| Edition number | 22 |
| Classification number | 301.24 |
| Author mark and year | HAF 1962 |
| 100 1# - MAIN ENTRY--PERSONAL NAME | |
| Personal name | Hauser, Richard |
| Dates associated with a name | 1910- |
| 9 (RLIN) | 100464 |
| 245 14 - TITLE STATEMENT | |
| Title | The fraternal society / |
| Statement of responsibility, etc. | Richard and Hephzibah Hauser. |
| 260 ## - PUBLICATION, DISTRIBUTION, ETC. (IMPRINT) | |
| Place of publication, distribution, etc. | London : |
| Name of publisher, distributor, etc. | Bodley Head, |
| Date of publication, distribution, etc. | 1962. |
| 300 ## - PHYSICAL DESCRIPTION | |
| Pagination | 221 p. ; |
| Size | 22 cm. |
| 650 #0 - SUBJECT ADDED ENTRY--TOPICAL TERM | |
| Topical term or geographic name as entry element | Sociology. |
| 9 (RLIN) | 100465 |
| 700 1# - ADDED ENTRY--PERSONAL NAME | |
| Personal name | Hauser, Hephzibah |
| 942 ## - ADDED ENTRY ELEMENTS (KOHA) | |
| Source of classification or shelving scheme | Dewey Decimal Classification |
| Koha item type | Books |
| Lost status | Source of classification or shelving scheme | Damaged status | Not for loan | Collection code | Permanent Location | Current Location | Shelving location | Date acquired | Source of acquisition | Cost, normal purchase price | Total Checkouts | Full call number | Date last seen | Copy number | Koha item type |
|---|---|---|---|---|---|---|---|---|---|---|---|---|---|---|---|
| Dewey Decimal Classification | Non-fiction | Central Library, University of Rajshahi | Central Library, University of Rajshahi | 16/03/1966 | Zeitlinger | 0.00 | 301.24 HAF 1962 | 30/04/2014 | C-3 | Books | |||||
| Dewey Decimal Classification | Non-fiction | Central Library, University of Rajshahi | Central Library, University of Rajshahi | 18/03/1966 | Zeitlinger | 0.00 | 301.24 HAF 1962 | 30/07/2016 | C-2 | Books |